Les meilleurs buteurs de l'histoire des clubs des 5 grands championnat - Statistiques

Statistiques générales
  • Ce quiz a été pris 59 fois
  • Le résultat moyen est 13 sur 96
Statistiques - réponses
Club Buts Nom % Correct
Real Madrid 450 Cristiano Ronaldo
93%
FC Barcelone 672 Lionel Messi
93%
Paris-Saint-Germain 256 Kylian Mbappé
86%
Arsenal 228 Thierry Henry
84%
Manchester United 253 Wayne Rooney
69%
Manchester City 260 Sergio Agüero
67%
Atlético Madrid 197 Antoine Griezmann
66%
Tottenham Hotspur 280 Harry Kane
64%
Bayern Munich 570 Gerd Müller
53%
Chelsea 211 Frank Lampard
50%
Newcastle United 206 Alan Shearer
48%
AS Rome 307 Francesco Totti
48%
Juventus 290 Alessandro Del Piero
47%
SSC Naples 148 Dries Mertens
40%
Lazio Rome 207 Ciro Immobile
31%
Celta Vigo 211 Iago Aspas
31%
Liverpool 346 Ian Rush
31%
Olympique de Marseille 194 Gunnar Andersson
26%
Udinise 227 Antonio Di Natale
24%
Olympique Lyonnais 222 Fleury Di Nallo
24%
FC Lorient 56 Kévin Gameiro
24%
Inter Milan 284 Giuseppe Meazza
19%
AS Monaco 223 Delio Onnis
17%
Wolfsbourg 85 Edin Džeko
16%
Valence FC 269 Edmundo Suárez
16%
Parme Calcio 94 Hernán Crespo
14%
RB Leipzig 113 Timo Werner
14%
Getafe CF 80 Antonio José Rivera
10%
Cagliari Calcio 207 Luigi Riva
10%
Girona 138 Cristhian Stuani
7%
Sassuolo 148 Domenico Berardi
7%
Milan AC 221 Gunnar Nordahl
5%
FC Nantes 146 Philippe Gondet
5%
AJ Auxerre 100 Andrzej Szarmach
3%
Werder Brême 153 Claudio Pizarro
3%
Villarreal CF 117 Gerard Moreno
3%
Borussia M'Gladbach 288 Jupp Heynckes
3%
Real Betis 148 Rubén Castro
3%
Borussia Dortmund 177 Alfred Preißler
2%
Hoffenheim 143 Andrej Kramarić
2%
Everton 383 Dixie Dean
2%
Stade Brestois 77 Gérard Buscher
2%
LOSC Lille 218 Jean Baratte
2%
Real Sociedad 163 Jesús María Satrústegui
2%
FC Metz 107 Nico Braun
2%
Leeds United 219 Peter Lorimer
2%
Athletic Bilbao 335 Telmo Zarra
2%
Hambourg 543 Uwe Seeler
2%
Hellas Vérone 52 Adaílton
0%
Cremonese 76 Andrea Brighenti
0%
Bologne 252 Angelo Schiavio
0%
US Lecce 87 Anselmo Bislenghi
0%
Côme 91 Antonio Cetti
0%
Aston Villa 244 Billy Walker
0%
Sunderland 228 Bobby Gurney
0%
Atalanta Bergame 112 Cristiano Doni
0%
Genoa 96 Edoardo Catto
0%
Pise 78 Enzo Loni
0%
Burnley 188 George Beel
0%
UD Las Palmas 118 Germán Dévora
0%
Séville FC 257 Guillermo Campanal
0%
Cologne 306 Hans Schäfer
0%
Stade Rennais 154 Jean Grumellon
0%
Le Havre AC 81 Jean-Michel Lesage
0%
Brentford 163 Jim Towers
0%
OGC Nice 211 Joaquín Valle
0%
RCD Majorque 94 Juan Morro
0%
Union Berlin 87 Karim Benyamina
0%
VFB Stuttgart 167 Karl Allgöwer
0%
Eintracht Francfort 225 Karl Ehmer
0%
Fiorentina 208 Kurt Hamrin
0%
Paris FC 67 Louis Floch
0%
Deportivo Alaves 91 Manuel Serrano
0%
Angers SCO 115 Marc Berdoll
0%
Heidenheim 124 Marc Schnatterer
0%
Augsbourg 56 Michael Thurk
0%
Mayence 64 Michael Thurk
0%
Rayo Vallecano 67 Míchel
0%
CD Leganes 65 Miguel Ángel
0%
Nottingham Forest 132 Nigel Clough
0%
Fribourg 104 Nils Petersen
0%
RC Strasbourg 118 Oskar Rohr
0%
Torino 172 Paolo Pulici
0%
St-Pauli 178 Peter Osterhoff
0%
Espanyol Barcelone 144 Rafael Marañón
0%
Toulouse FC 83 Robert Pintenat
0%
AFC Bournemouth 229 Ron Eyre
0%
Crystal Palace 192 Ronnie Rooke
0%
Fulham 207 Ronnie Rooke
0%
CA Osasuna 127 Sabino Andonegui
0%
RC Lens 225 Stefan Dembicki
0%
Wolverhampton 306 Steve Bull
0%
Brighton 123 Tommy Cook
0%
Bayer Leverkusen 233 Ulf Kirsten
0%
Real Valladoid 91 Víctor
0%
West Ham United 326 Vic Watson
0%
Aucun quiz correspondant
Distribution des résultats
% des personnes avec chaque résultat
Percentile par nombre de réponses
Votre historique - résultats
Vous n’avez pas pris ce quiz